000 00969nam a2200313Ia 4500
003 OSt
005 20221007122747.0
006 a|||||r|||| 00| 0
007 ta
008 221006b |||||||| |||| 00| 0 eng d
020 _a9780521138468 (pbk)
024 _a172511
037 _b1636, 24/02/2012, Ashutosh Technical Books
_cTextual
040 _aPAPL
_cPAPL
_beng
041 _2eng
_aeng
082 _aC9B36, M2;P0;5 Carpa
100 _aPerkins Donald H
245 0 _aIntroduction to high energy physics
250 _a4
260 _aCambridge
_bC U P
_c2000
300 _axiii; 426p.
_ccm.
500 _aReferences 418-420p.; Index 421-426p.
650 _a High energy physics
_9715134
650 _a Nuclear physics
_9543687
650 _a Particles
_9714362
650 _aPhysics
942 _hC9B36, M2;P0;5 Carpa
_cTEXL
_2CC
999 _c1210887
_d1210887